000
00301nam a2200121Ia 4500
005
20251222143312.0
008
251222s9999||||xx |||||||||||||| ||spa||
082
_a
300.985/C93/8
100
_a
Palma, Diego
245
0
_a
La Informalidad, lo Popular y el Cambio Social
264
_b
DESCO
942
_c
LIB
999
_c
15735
_d
15735